000 00324nam a22001337a 4500
008 210224b ||||| |||| 00| 0 eng d
020 _a9780618681846
041 _aeng
080 _27th Edition
_a510
100 _a36
101 _aMAT
245 _aIntermediate Algebra An Applied Approach
_cAufmann,N.R
942 _2udc
_cBK
999 _c55140
_d55140